000 00410pab a2200169 454500
008 180718b2010 xxu||||| |||| 00| 0 eng d
100 _aSinha, P.K.
245 _aTelecom sector: Business risks and management
260 _c2010
300 _ap.960-963.
362 _aDec
650 _aTelecommunications
700 _aSinha, Sanchari
773 _aManagement Accountant
908 _aN
909 _a90295
999 _c90295
_d90295